000 00670nam a22002417a 4500
003 OSt
005 20231012154834.0
008 150529b xxu||||| |||| 00| 0 eng d
020 _a9789698535179
022 _a9789698535179
040 _c0
050 _a891.439
082 _a891.4393
_bKHA
100 _aSiddiqui, Khaliq Ahmad
_9118486
245 _aJamal Ul Amsaal.
_cKhaliq Ahmad Siddiqui
250 _a1st.
260 _aIslamabad.
_bNational University of Sciences and Technology.
_c2014
300 _a444p.
500 _aHard Cover
600 _aSiddiqui, Khaliq Ahmad
_9118486
700 _aSiddiqui, Khaliq Ahmad
_9118486
942 _2ddc
_cBK
_k891.439
999 _c349923
_d349923